Úloha controllingu v řízení podniku
Menej známe úlohy controllingu: zabezpečovanie tzv. druhotnej koordinácie, presadzovanie a rozvíjanie controllingovej filozofie podnikového riadenia, zabezpečenie relevantných informácií pre potrebu riadiacich rozhodnutí. Informačné zabezpečenie podniku. Úlohy reportingu resp. výkazníctva. Systém i...
Salvato in:
| Autore principale: | |
|---|---|
| Natura: | Capitolo di libro |
| Lingua: | ceco |
| Soggetti: | |
| Tags: |
Nessun Tag, puoi essere il primo ad aggiungerne!!
|
MARC
| LEADER | 00000naa a2200000 4500 | ||
|---|---|---|---|
| 001 | r030041 | ||
| 005 | 20230922084900.5 | ||
| 041 | 0 | |a cze | |
| 044 | |a CZ | ||
| 245 | 1 | 0 | |a Úloha controllingu v řízení podniku |c Alois Kružík |
| 520 | |a Menej známe úlohy controllingu: zabezpečovanie tzv. druhotnej koordinácie, presadzovanie a rozvíjanie controllingovej filozofie podnikového riadenia, zabezpečenie relevantných informácií pre potrebu riadiacich rozhodnutí. Informačné zabezpečenie podniku. Úlohy reportingu resp. výkazníctva. Systém informačného zabezpečenia. Rozhodovacia tabuľka postupov. | ||
| 610 | 2 | 0 | |a kontroling |
| 610 | 2 | 0 | |a riadenie podnikové |
| 610 | 2 | 0 | |a podnik |
| 610 | 2 | 0 | |a zabezpečenie informačné |
| 610 | 2 | 0 | |a informácie vnútropodnikové |
| 610 | 2 | 0 | |a rozhodovanie manažérske |
| 610 | 2 | 0 | |a systémy informačné podnikové |
| 100 | 1 | |a Kružík, Alois | |